000 00676nam a22002417a 4500
001 74766
003 BD-RjUL
005 20211209082610.0
008 181202s1903 e ||||| b||| 001 0 eng d
035 _a(BD-RjUL)
040 _aBD-RjUL
_beng
_cBD-RjUL
041 _aeng
082 _a792.09
_bCHM 1903
100 1 _aChambers, E.K.
_qKerchever Chambers, Edmund
_9225487
245 1 4 _aThe Mediaeval stage /
_cEdmund Kerchever Chambers
260 _aOxford :
_bUniversity Press ,
_c1903
300 _aV, 479 P. ;
_c22 cm
500 _aIncludes Index
505 _aVol. 2.--
650 _aDrama,
_v Medieval
_9225488
650 _aTheater
_vMedieval
_9225489
942 _2ddc
_cBK
999 _c74766
_d74766